000
00291nam a2200109Ia 4500
008
190216s9999||||xx |||||||||||||| ||und||
100
_a
Sancheti D C&Amp; Kapoor V K
245
0
_a
Quantitative Methods
260
_b
Calicut University Central Co-Operative
_c
1996
300
_a
1456p
942
_c
BK
999
_c
5775
_d
5775